| 000 | 00687nam a22002297a 4500 | ||
|---|---|---|---|
| 003 | OSt | ||
| 005 | 20170328133818.0 | ||
| 008 | 170328b xxu||||| |||| 00| 0 eng d | ||
| 020 | _a9780781779340 | ||
| 020 | _a0781779340 | ||
| 040 | _cDMLN | ||
| 082 | _aQV785 A53p 2011 | ||
| 100 |
_a Allen, Loyd V; Popovich, Nicholas G; Ansel, Howard C. _911984 |
||
| 245 | _aAnsel's Pharmaceutical Dosage Forms and Drug Delivery Systems | ||
| 250 | _a9th ed. | ||
| 260 | _aPhiladelphia; Wolters Kluwer, 2011 | ||
| 300 | _avi,710p; illi: 25.5cm | ||
| 504 | _aReferences, appendices, & index included | ||
| 650 |
_aPharmaceuticals _95840 |
||
| 650 |
_aDrug dosage _911985 |
||
| 942 |
_2z _cSLOAN |
||
| 999 |
_c5762 _d5762 |
||